000 00580ntaaa2200193 4500
003 01
005 20251027202958.0
008 0714s1973 ag 01
040 _aAR-BaBN
_bspa
_cAR-BaBN
_eaacr
_dRIC
082 _a982.0200 M46
100 _aMedina, José Toribio
_930706
245 _aEl tribunal del Santo Oficio de la Inquisición en las Provincias del Plata
250 _a1 ed.
260 _aBuenos Aires :
_bEditorial Huarpes,
_c1945
300 _a393 p
650 _aInquisición-Río de la Plata
_930707
650 _aProvincias del Plata-inquisición
_930708
942 _cBK
999 _c25165
_d25165